40 Greatest Players in PBA History - Statistics

General Stats
  • This quiz has been taken 85 times
  • The average score is 12 of 38
Answer Stats
Answer % Correct
Robert Jaworski
72%
James Yap
70%
Benjie Paras
65%
Jimmy Alapag
64%
Alvin Patrimonio
58%
Mark Caguioa
57%
Asi Taulava
54%
Jayjay Helterbrand
54%
Atoy Co
53%
Jayson Castro
53%
Marc Pingris
50%
Ramon Fernandez
49%
Arwind Santos
47%
Johnny Abarrientos
45%
Allan Caidic
36%
Danny Ildefonso
36%
Eric Menk
34%
Vergel Meneses
31%
Jojo Lastimosa
30%
Willie Miller
27%
Kelly Williams
26%
Kenneth Duremdes
24%
Marlou Aquino
23%
Hector Calma
22%
Bogs Adornado
20%
Jerry Codiñera
18%
Kerby Raymundo
16%
Renato Agustin
16%
Ricardo Brown
15%
Ronnie Magsanoc
14%
Alberto Guidaben
12%
Chito Loyzaga
11%
Francis Arnaiz
11%
Philip Cezar
9%
Bernie Fabiosa
7%
Freddie Hubalde
4%
Manny Paner
4%
Danny Florencio
1%
No matching quizzes found
Score Distribution
Percent of People with Each Score
Percentile by Number Answered
Your Score History
You have not taken this quiz